000 01371cam a2200361 a 4500
001 9021688
003 NUST - PNEC
005 20170116181117.0
008 110518s2008 pk ac 000 0deng
010 _a 2011314294
035 _a(OCoLC)ocn311816647
035 _a(OCoLC)311816647
035 _a(NNC)9021688
037 _bLibrary of Congress -- Islamabad Overseas Office
_cRs 600.00
040 _aDLC
_beng
_cLIBRARY
_dAU@
_dDKAGE
042 _alcode
_apcc
043 _aa-pk---
050 0 0 _aDS389.22.B48
_bB464 2008
082 0 4 _a954.91092 ZUL
_222
245 0 0 _aBenazir Bhutto, political thinker and diplomat :
_bselected articles, interviews, speeches, editorials, obituaries and book reviews /
_ccompiled & edited by Zulfiqar Halepoto.
260 _aKarachi :
_bSindhica :
_bStockists, Fazlee Book,
_c2008.
300 _axxiv, 509 p., [16] p. of leaves :
_bill. (some col.), ports. ;
_c23 cm.
520 _aBenazir Bhutto, 1953-2007, former prime minister of Pakistan.
600 1 0 _aBhutto, Benazir,
_d1953-2007.
650 _913307
_aPolitics and government
_xGeneral books
651 0 _aPakistan
_xPolitics and government
_y1971-1988.
651 0 _aPakistan
_xPolitics and government
_y1988-
700 1 _aBhutto, Benazir,
_d1953-2007.
700 1 _aHalepoto, Zulfiqar.
942 _2ddc
_cBK
948 1 _a20110923
_bc
_cdc21
_dMPS
999 _c69416
_d69416